Technical education V.3 : current status and future directions (Record no. 176814)

MARC details
000 -LEADER
fixed length control field 00485nam a2200169Ia 4500
008 - FIXED-LENGTH DATA ELEMENTS--GENERAL INFORMATION
fixed length control field 231217s9999 xx 000 0 und d
020 ## - INTERNATIONAL STANDARD BOOK NUMBER
International Standard Book Number 81-7881-591-5
041 ## - LANGUAGE CODE
Language code of text/sound track or separate title English
082 ## - DEWEY DECIMAL CLASSIFICATION NUMBER
Classification number 378.071 NAT.3;1 R
100 ## - MAIN ENTRY--PERSONAL NAME
Personal name Natarajan, R
245 #0 - TITLE STATEMENT
Title Technical education V.3 : current status and future directions
250 ## - EDITION STATEMENT
Edition statement 1st ed.
260 ## - PUBLICATION, DISTRIBUTION, ETC.
Date of publication, distribution, etc. 2005
Name of publisher, distributor, etc. ICFAI
Place of publication, distribution, etc. Hyderabad
300 ## - PHYSICAL DESCRIPTION
Extent xxviii+221
650 ## - SUBJECT ADDED ENTRY--TOPICAL TERM
Topical term or geographic name entry element Technical,education,V.3,:,current,status,directions
942 ## - ADDED ENTRY ELEMENTS (KOHA)
Koha item type Books
Holdings
Date last seen Total checkouts Full call number Accession number Cost, total (INR) price Price effective from Category Lost status Damaged status Department Withdrawn status Home library Current library Shelving location Entry date Vendor Cost, normal purchase price Grants Billnumber Billdate Currency symbol Conversion rate Discount Old discount Volume/Issue Number Public note
26/01/2024   378.071 NAT.3;1 R 39541 935.00 26/01/2024 Books     Central Library   Central Library Central Library Central Library 20/12/2005 ICFAI Press 1100.00 GEN 340 11/09/2004 RS 1 165 15    
26/01/2024   378.071 NAT.3;2 R1 72909 38.00 26/01/2024 Books     F-Block Annex   Central Library Central Library F-Block Library Annex 28/02/2011 ICFAI Press 38.00 MBA 1993 05/01/2016 RS 1     3 72909

© For any Suggestions or Query, please contact the library staff @ librarian@pes.edu or Phone: +9180 2672 1983/ 2108.